Statistics for Super Bowl Losers

Click here to take the quiz!

General Stats

  • This quiz has been taken 657 times
    (490 since last reset)
  • The average score is 47 of 52

Answer Stats

Super BowlTeam% Correct
XLVINew England Patriots
97%
XLIINew England Patriots
97%
XXXINew England Patriots
97%
XXNew England Patriots
97%
LIINew England Patriots
96%
XIIDenver Broncos
95%
XLVIIIDenver Broncos
95%
XXIVDenver Broncos
95%
XXIIDenver Broncos
95%
XXIDenver Broncos
95%
IKansas City Chiefs
95%
XXXIIGreen Bay Packers
94%
XXVBuffalo Bills
93%
XXVIIBuffalo Bills
93%
XXVIBuffalo Bills
93%
XXVIBuffalo Bills
93%
XXXIIIAtlanta Falcons
92%
LIAtlanta Falcons
92%
XDallas Cowboys
92%
VDallas Cowboys
92%
XIIIDallas Cowboys
92%
XLVIISan Francisco 49ers
92%
XLIXSeattle Seahawks
92%
XLSeattle Seahawks
92%
XXXVILos Angeles Rams
91%
XIVLos Angeles Rams
91%
XVIIMiami Dolphins
91%
VIMiami Dolphins
91%
XIXMiami Dolphins
91%
XXXVNew York Giants
91%
XXXVIIOakland Raiders
91%
IIOakland Raiders
91%
XXXPittsburgh Steelers
91%
XLVPittsburgh Steelers
91%
IIIBaltimore Colts
90%
50Carolina Panthers
90%
XXXVIIICarolina Panthers
90%
XLIVIndianapolis Colts
90%
IXMinnesota Vikings
90%
VIIIMinnesota Vikings
90%
IVMinnesota Vikings
90%
XIMinnesota Vikings
90%
XVPhiladelphia Eagles
89%
XXXIXPhiladelphia Eagles
89%
XLIChicago Bears
86%
XLIIIArizona Cardinals
84%
XVIIIWashington Redskins
84%
VIIWashington Redskins
84%
XVICincinnati Bengals
82%
XXIIICincinnati Bengals
82%
XXIXSan Diego Chargers
82%
XXXIVTennessee Titans
81%

Score Distribution

Percentile by Number Answered

Percent of People with Each Score

Your Score History

You have not taken this quiz since the last reset